Keterampilan berkomunikasi
| Main Author: | |
|---|---|
| Format: | Book |
| Published: |
Jakarta Barat :
Binarupa Aksara ,
1984
|
| Subjects: |
MARC
| LEADER | 00000cam a2200000 7i4500 | ||
|---|---|---|---|
| 001 | 0000052087 | ||
| 005 | 20150917.0 | ||
| 008 | 150917 | ||
| 090 | 0 | 0 | |a 302.2 |b SCO |
| 100 | 0 | |a Scott, Bill | |
| 245 | 1 | 0 | |a Keterampilan berkomunikasi |c Bill scott |
| 260 | |a Jakarta Barat : |b Binarupa Aksara , |c 1984 | ||
| 500 | |a Includes | ||
| 650 | 0 | |a Communications | |
| 999 | |a 0000195509 |b Book |c Adult Collection |e Cawangan Muar | ||